000 01257nam a2200313 i 4500
001 185304
003 SpMaBN
005 20250829045306.0
008 160510s2009 sp |||| | spa d
020 _a978-84-8355-644-3
080 _a349.412(460)
100 1 _aSerrano Alberca, José Manuel.
_9159540
245 1 3 _aEl derecho de propiedad, la expropiación y la valoración del suelo /
_cJosé Manuel Serrano Alberca ; prólogo a la 1ª edición, José Manuel Sala Arquer.
250 _a3ª ed.
260 _aCizur Menor, Navarra :
_bAranzadi,
_c2009.
300 _a605 p. ;
_c25 cm.
490 1 _aMonografías Aranzadi ;
_v27
490 1 _aGrandes tratados Aranzadi
500 _aÍndice.
650 7 _aPropiedad inmobiliaria-
_zEspaña.
_916487
650 7 _aExpropiación forzosa-
_zEspaña.
_9159541
700 1 _aSala Arquer, José Manuel.
_9159542
830 0 _aMonografías Aranzadi ;
_v27
_9230896
830 0 0 _aColección grandes tratados Aranzadi
_9225783
852 _aES-MaACL
_jA-13749
_9192327
_bR.150987
_cDEPO1
_dOlim: N-6749
_gDedicatoria autógrafa del autor
_hDonación: José Manuel Serrano Alberca
903 _9159540
_aSerrano Alberca, José Manuel
_ednr
942 _2udc
_cMONOGRAFIA
999 _c185304
_d185304